000 00578nam a2200217Ia 4500
008 180620s9999 xx 000 0 und d
020 _a1-84537-208-5
050 _aREF TT 835
050 _b.B54 2005
245 4 _aThe Big book of quilts and quilting /
245 0 _cedited by Rosemary Wilkinson.
260 _aLondon :
260 _bNew Holland Publishers,
260 _c2005
300 _a240 pages
300 _bcolored illustrations ;
300 _c29 cm.
500 _aIncludes index.
650 _aPatchwork -- Patterns.
650 _xQuilting -- Patterns.
999 _c358045
_d358045